Standard method of measurement of building works authorised by agreement between the Chartered Surveyors' Institution and the National Federation of Building Trades Employers and approved by the Institute of Builders (Record no. 107422)

MARC details
000 -LEADER
fixed length control field 00935cam a22002535a 4500
001 - CONTROL NUMBER
control field L140108
008 - FIXED-LENGTH DATA ELEMENTS--GENERAL INFORMATION
fixed length control field 070904s1937 xxk f 000 0 eng d
035 ## - SYSTEM CONTROL NUMBER
System control number (Sirsi) u140108
041 ## - LANGUAGE CODE
Language code of text/sound track or separate title eng
050 ## - LIBRARY OF CONGRESS CALL NUMBER
Classification number 692.3 $2 18
090 ## - LOCALLY ASSIGNED LC-TYPE CALL NUMBER (OCLC); LOCAL CALL NUMBER (RLIN)
Classification number (OCLC) (R) ; Classification number, CALL (RLIN) (NR) SMM 1935/1BCDE
110 ## - MAIN ENTRY--CORPORATE NAME
Corporate name or jurisdiction name as entry element Chartered Surveyors' Institution
9 (RLIN) 2274
245 ## - TITLE STATEMENT
Title Standard method of measurement of building works authorised by agreement between the Chartered Surveyors' Institution and the National Federation of Building Trades Employers and approved by the Institute of Builders
250 ## - EDITION STATEMENT
Edition statement 3rd ed.
260 ## - PUBLICATION, DISTRIBUTION, ETC.
Place of publication, distribution, etc. London
Name of publisher, distributor, etc. Chartered Surveyors' Institution
Date of publication, distribution, etc. 1937
300 ## - PHYSICAL DESCRIPTION
Extent 93p.
Dimensions 31cm.
350 ## - PRICE (NR) (BK AM CF MU VM SE) [OBSOLETE]
Price 0
520 ## - SUMMARY, ETC.
Summary, etc. Reprinted January 1937.
651 #4 - SUBJECT ADDED ENTRY--GEOGRAPHIC NAME
Geographic name United Kingdom
Chronological subdivision
690 ## - LOCAL SUBJECT ADDED ENTRY--TOPICAL TERM (OCLC, RLIN)
Topical term or geographic name as entry element BUILT ENVIRONMENT-QUANTITY SURVEYING-STANDARD METHOD OF MEASUREMENT
710 ## - ADDED ENTRY--CORPORATE NAME
Corporate name or jurisdiction name as entry element National Federation of Building Trades Employers
9 (RLIN) 1526
942 ## - ADDED ENTRY ELEMENTS (KOHA)
Suppress in OPAC 0
948 ## - LOCAL PROCESSING INFORMATION (OCLC); SERIES PART DESIGNATOR (RLIN)
c (OCLC) 04/03/1997
Holdings
Withdrawn status Lost status Source of classification or shelving scheme Damaged status Not for loan Home library Current library Shelving location Date acquired Total Checkouts Full call number Barcode Date last seen Copy number Price effective from Koha item type
    Dewey Decimal Classification     London London Boxed set 04/09/2007   SMM/1937 30074247 06/08/2019 1 06/08/2019 Book